000 00359nam a2200145Ia 4500
008 211109s9999||||xx |||||||||||||| ||und||
082 _a823
_bAUS-F
100 _aAustin, Doleson
245 0 _aFielding
260 _bMacmillan
_aLondon
_c1909
300 _a214p
630 _xGeneral Stack
650 _aEnglish Litertaure
_vEnglish Fiction
_xEnglish
942 _cBOOK
999 _c60
_d60